000 00496nam a2200133 a 4500
008 120416s1977 ||||||||||||||||| || u
050 _aT 56 Hic
100 _aHicks, Philip E
245 1 0 _aIntroduction to industrial engineering and management science
260 _aNew York
_bMcGraw-Hill
_c[1977]
300 _axiii, 336p.
350 _a0.00
995 _D0.00
_FCBU-MAIN LIBRARY (Kitwe)
_H1
_I0.00
_M1
_UAVAILABLE
_ZAnnex Low-Usage Collection
999 _c47797
_d47797